| 000 | 01518nam a2200277 a 4500 | ||
|---|---|---|---|
| 001 | 015462588 | ||
| 003 | OSt | ||
| 005 | 20131106113011.0 | ||
| 008 | 091222s2011 moua b 001 0 eng | ||
| 020 | _a9781437708554 (pbk.) : | ||
| 020 | _a1437708552 (pbk.) : | ||
| 082 | 0 | 4 |
_a617.695 _222 _bHAT |
| 100 | 1 |
_aHatrick, Carol Dixon. _934399 |
|
| 245 | 1 | 0 |
_aDental materials : _bclinical applications for dental assistants and dental hygienists / _cCarol Dixon Hatrick, W. Stephan Eakle, William F. Bird. |
| 250 | _a2nd ed. | ||
| 260 |
_aMaryland Heights, Mo. : _bSaunders/Elsevier, _cc2011. |
||
| 300 |
_axiv, 281 p. : _bill. (chiefly col.) ; _c28 cm. |
||
| 504 | _aIncludes bibliographical references and index. | ||
| 505 | 0 | _aIntroduction to dental materials -- Oral environment and patient considerations -- Physical properties of dental materials -- General handling and safety -- Principles of bonding -- Compsites, glass ionomers, and compomers -- Preventive and bleaching materials -- Dental amalgam -- Casting metals, solders, and wrought metal alloys -- Dental implants -- Abrasion, finishing, and polishing -- Dental cement -- Impression materials -- Gypsum products -- Polymers for prosthetic dentistry -- Provisional restorations -- Dental waxes. | |
| 650 | 0 |
_aDental materials. _934400 |
|
| 650 | 0 |
_aDental materials _vExaminations, questions, etc. _934401 |
|
| 653 |
_bDent _cNovember2013 |
||
| 700 | 1 |
_aEakle, W. Stephan. _934402 |
|
| 700 | 1 |
_aBird, William F. _934403 |
|
| 942 |
_2ddc _cBB _k617.695 HAT |
||
| 999 |
_c17740 _d17712 |
||